Triết lý nhân sinh của Y.KAWBATA trong Tiếng rền của núi

Sống và viết sự trải nghiệm triết lý nhân sinh của một nhà văn...Nhân sinh quan của Y.KAWABATA trong Tiếng rền của núi...

محفوظ في:
التفاصيل البيبلوغرافية
المؤلف الرئيسي: Nguyễn, Thị Minh Khương
مؤلفون آخرون: Lê, Thị Nở Người hướng dẫn (مرشد الأطروحة)
التنسيق: كتاب
اللغة:Vietnamese
منشور في: Đại học Sư Phạm Đại học Đà Nẵng 2009
الموضوعات:
الوسوم: إضافة وسم
لا توجد وسوم, كن أول من يضع وسما على هذه التسجيلة!
Thư viện lưu trữ: Mạng thư viện Đại học Đà Nẵng
LEADER 01127nam a2200301 4500
001 000011610
003 7863
005 20120207150210.0
008 120207s2009 viesd
041 |a vie 
072 |a Khóa luận tốt nghiệp -Cử nhân văn học 
082 |a 895.6  |b NG-K 
100 1 |a Nguyễn, Thị Minh Khương 
245 1 |a Triết lý nhân sinh của Y.KAWBATA trong Tiếng rền của núi  |c Nguyễn, Thị Minh Khương 
260 |a Đại học Sư Phạm  |b Đại học Đà Nẵng  |c 2009 
300 |a 69 tr.  |b chân dung  |c 29 cm. 
500 |a Khóa luận tốt nghiệp 
520 |a Sống và viết sự trải nghiệm triết lý nhân sinh của một nhà văn...Nhân sinh quan của Y.KAWABATA trong Tiếng rền của núi... 
653 |a Y.KAWABATA  |a Tiếng rền của núi 
700 |a Lê, Thị Nở  |c Người hướng dẫn  |e Th.S 
OWN |a LSP 
999 |a From the UDN01 
TYP |a Monograph 
TYP |a Printed language 
980 |a Mạng thư viện Đại học Đà Nẵng